| 000 | 01355nam a2200385Ii 4500 | ||
|---|---|---|---|
| 001 | DIGPARKSTE0051 | ||
| 003 | NyNyDIG | ||
| 007 | cr ||||||||||| | ||
| 008 | 230512s2016 xxua o 000 0 spa d | ||
| 006 | m o d | ||
| 020 |
_a9781683253419 _qeBook |
||
| 020 | _z9788431539610 | ||
| 035 | _a(OCoLC)962451331 | ||
| 040 |
_aDGITA _beng _erda _epn _cDGITA |
||
| 050 | 1 | 4 | _aN7668.H6 ebook |
| 100 | 1 |
_aFabbretti, R. _q(Roberto), _d1970- _eauthor. |
|
| 245 | 1 | 0 |
_aDibujar caballos / _cR. Fabbretti. |
| 264 | 1 |
_aUSA : _bEditorial De Vecchi, _c[2016] |
|
| 300 |
_a1 online resource : _billustrations. |
||
| 336 |
_atext _btxt _2rdacontent |
||
| 337 |
_acomputer _bc _2rdamedia |
||
| 338 |
_aonline resource _bcr _2rdacarrier |
||
| 347 |
_atext file _2rdaft |
||
| 347 | _bEPUB | ||
| 588 | 0 | _aOnline resource; title from ePub title page (Digitalia, viewed May 12, 2023) | |
| 650 | 0 | _aHorses in art. | |
| 650 | 0 |
_aDrawing _xTechnique. |
|
| 650 | 0 | _aArt. | |
| 791 | 2 |
_aDigitalia (Firm), _edistributor. |
|
| 793 | 0 |
_gDigitalia eBook Collection: _aParkstone International |
|
| 776 | 0 | 8 |
_iPrint version: _aFabbretti, R. (Roberto), 1970-. _tDibujar caballos. _dUSA : De Vecchi Ediciones, [2016] _z9788431539610 |
| 856 | 4 | 0 |
_3Digitalia Hispánica _uhttps://www.digitaliapublishing.com/a/122571/ |
| 910 | _aPremium collection: 2023 | ||
| 942 | _cRAA | ||
| 999 |
_c276290 _d276290 |
||